[Event "RUS-ch Girls U21 2020"]
[Site "Moscow"]
[Date "2020.12.16"]
[Round "9.3"]
[White "Kochukova, Anna"]
[Black "Obolentseva, Alexandra"]
[Result "0-1"]
[WhiteElo "2111"]
[BlackElo "2305"]
[Annotator "TA"]
[PlyCount "72"]
[EventDate "2020.12.08"]
[EventType "tourn"]
[EventCountry "RUS"]
[SourceTitle "playchess.com"]
[Source "ChessBase"]
[SourceQuality "1"]

{[%evp 13,72,0,22,1,27,0,22,-29,-25,-37,-38,-57,-20,-36,-7,-14,31,16,16,22,23,-24,4,-9,-8,0,0,-70,-54,-82,-82,-112,-72,-154,-150,-166,-163,-215,-213,-559,-591,-577,-534,-1125,-1121,-1091,-1083,-1109,-992,-1683,-1250,-1157,-634,-1118,-1075,-981,-894,-29989,-29987,-29995,-29996]} 1. e4 {RR} c5 2. Nf3 d6 3. d4 cxd4 4. Nxd4 Nf6 5. Nc3 a6 6. Bg5 Nbd7 7. f4 Qc7 8. Qf3 {B94: Sicilian Najdorf: 6 Bg5 Nbd7.} h6 9. Bh4 e5 (9... g5 $5 10. fxg5 hxg5 11. Bxg5 Qc5 $11) 10. Nb3 {[#]} (10. fxe5 $142 Nxe5 11. Qf2) 10... b5 $146 ({Predecessor:} 10... exf4 11. Bxf6 Nxf6 12. Qxf4 Be7 13. Be2 O-O 14. O-O-O b5 15. Kb1 Bd7 16. h3 Rac8 {0-1 (40) Farwagi,F (1638)-Bijaoui,M (2392) Issy les Moulineaux 2011 EXT 2012 [RR]}) 11. a3 Be7 12. O-O-O Bb7 13. Bxf6 Nxf6 14. Kb1 O-O-O 15. Bd3 Kb8 16. Rhe1 Rhe8 17. Nd2 Bf8 18. Nd5 Nxd5 19. exd5 exf4 20. c4 ({White should play} 20. Qxf4 $11 Bxd5 21. Rxe8 Rxe8 22. g3) 20... bxc4 21. Bxc4 g5 {Black keeps a firm grip on the game.} 22. Qd3 Qb6 23. Nb3 (23. Rxe8 $142 Rxe8 24. Qh7) 23... Bg7 $17 24. Rxe8 Rxe8 25. Qh7 (25. Ka2 {was necessary.}) 25... Be5 $40 {[%mdl 128] White is in trouble.} 26. Qxf7 $2 (26. Qd3 {is a better chance.}) 26... Rc8 27. Rc1 Ka8 ({Less strong is} 27... Qf2 28. Rc2 $17) 28. Qd7 {[#]} Rxc4 $1 {[%mdl 576] Remove Defender} 29. Rxc4 Qxb3 {[%csl Ge5][%cal Rb3b2][%mdl 64] Double Attack} 30. Rc2 Qxd5 31. Qd8+ Ka7 {( -> ...Qd1+)} 32. Qc7 Qb5 33. Qh7 g4 34. Ka2 a5 {[%cal Ba6a5,Ba5a4][%mdl 32]} 35. b3 Qf1 {[%csl Ge5][%cal Rf1a1]} 36. b4 a4 {Weighted Error Value: White=0.98/Black=0.35} 0-1

[Event "RUS-ch Girls U21 2020"]
[Site "Moscow"]
[Date "2020.12.16"]
[Round "9.4"]
[White "Borisova, Ekaterina"]
[Black "Shafigullina, Zarina"]
[Result "1-0"]
[WhiteElo "2308"]
[BlackElo "2302"]
[Annotator "TA"]
[PlyCount "69"]
[EventDate "2020.12.08"]
[EventType "tourn"]
[EventCountry "RUS"]
[SourceTitle "playchess.com"]
[Source "ChessBase"]
[SourceQuality "1"]

{[%evp 21,69,0,0,0,0,0,0,0,0,0,64,0,0,0,43,39,47,34,42,41,149,147,131,141,247,249,422,415,464,181,627,617,1148,1127,29971,29969,29976,29978,6223,856,808,820,806,759,996,1006,972,964,29965,29956]} 1. d4 Nf6 2. c4 e6 3. g3 c5 4. d5 exd5 5. cxd5 d6 6. Nc3 g6 7. Bg2 Bg7 8. Nf3 O-O 9. O-O Re8 10. Bf4 Ne4 {10...Bf5 is becoming the main line.} 11. Nxe4 Rxe4 12. Nd2 {A62: Modern Benoni: Fianchetto Variation without early ...Nbd7.} Rxf4 13. gxf4 Bxb2 14. Rb1 {The position is equal.} Bg7 15. e4 Qf6 (15... Nd7 $11) 16. e5 (16. Qa4 $14 Nd7 17. e5 dxe5 18. fxe5 Nxe5 19. Qe8+ Bf8 20. Rbe1) 16... Qxf4 $11 17. e6 {And now Re1 would win.} fxe6 18. dxe6 Nc6 {Hoping for ...Nd4.} 19. Re1 $1 $36 {[%mdl 2048] aiming for e7. White has the initiative.} Be5 20. Nf3 Bxe6 {Black is on the road to losing.} ({Better is} 20... Bf6 $1 $14) 21. Nxe5 $16 Nxe5 {[#]} 22. Re4 $1 {[%cal Re4f4] [#]} Qf8 $146 (22... Qf5 $16 {was called for.}) ({Predecessor:} 22... Qf5 23. Qxd6 Bxa2 24. Rxb7 Nf7 25. Rb8+ {1-0 (25) Allicock,R (2151)-Krush,I (2444) New York 2016}) 23. f4 $18 Bg4 $2 (23... Bf5 {might work better.}) 24. Qb3+ Nf7 {With the idea ...Bf5.} 25. Qxb7 $2 (25. Rbe1 {Strongly threatening Re7.} c4 26. Qxc4) 25... Rd8 $2 (25... Re8 26. Qxa7 Be6) 26. Re7 {Threatens to win with Bd5!} d5 27. Rbe1 d4 {[#]} 28. Bd5 $1 {[%mdl 512]} Bc8 29. Bxf7+ Qxf7 {[#]} 30. Rxf7 (30. Qc7 $142 $1 {[%mdl 512]} Qf8 31. Rxh7) 30... Bxb7 31. Rxb7 d3 32. Rc7 d2 33. Rd1 Rd5 34. Kf2 Rh5 35. Rxd2 {Weighted Error Value: White=0.24/Black=1.17} 1-0

[Event "RUS-ch Girls U21 2020"]
[Site "Moscow"]
[Date "2020.12.16"]
[Round "9.5"]
[White "Nosacheva, Mariya"]
[Black "Dimitrova, Aleksandra"]
[Result "0-1"]
[WhiteElo "2243"]
[BlackElo "2193"]
[Annotator "ChessBase"]
[PlyCount "104"]
[EventDate "2020.12.08"]
[EventType "tourn"]
[EventCountry "RUS"]
[SourceTitle "playchess.com"]
[Source "ChessBase"]
[SourceQuality "1"]
[TimeControl "40/5400+30:1800+30"]

1. e4 {[%emt 0:00:00]} c5 {[%emt 0:00:00]} 2. Nf3 {[%emt 0:00:00]} Nc6 {[%emt 0:00:00]} 3. d4 {[%emt 0:00:00]} cxd4 {[%emt 0:00:00]} 4. Nxd4 {[%emt 0:00:00]} Nf6 {[%emt 0:00:00]} 5. Nc3 {[%emt 0:00:17]} e6 {[%emt 0:00:12]} 6. Ndb5 {[%emt 0:00:23]} Bc5 {[%emt 0:00:11]} 7. Bf4 {[%emt 0:00:18]} O-O {[%emt 0:00:13]} 8. Bc7 {[%emt 0:00:05]} Qe7 {[%emt 0:00:12]} 9. Bd6 {[%emt 0:00:07]} Bxd6 {[%emt 0:00:22]} 10. Qxd6 {[%emt 0:00:49]} Qd8 {[%emt 0:00:15]} 11. Nc7 {[%emt 0:02:03]} Rb8 {[%emt 0:01:26]} 12. Be2 {[%emt 0:00:21]} a6 {[%emt 0:14:39]} 13. e5 {[%emt 0:00:26]} Ne8 {[%emt 0:02:54]} 14. Nxe8 {[%emt 0:00:09]} Rxe8 {[%emt 0:00:10]} 15. f4 {[%emt 0:07:51]} f6 {[%emt 0:18:15]} 16. exf6 {[%emt 0:01:46]} Qxf6 {[%emt 0:01:44]} 17. O-O-O {[%emt 0:01:33]} b5 {[%emt 0:04:46]} 18. Rhf1 {[%emt 0:27:01]} Rb6 {[%emt 0:07:12]} 19. Ne4 {[%emt 0:11:37]} Qd8 {[%emt 0:02:51]} 20. Rf3 {[%emt 0:15:29]} Ne7 {[%emt 0:04:27]} 21. Qd3 {[%emt 0:00:57]} Nd5 {[%emt 0:08:33]} 22. Ng5 {[%emt 0:04:10]} g6 {[%emt 0:00:54]} 23. h4 {[%emt 0:00:07]} Rc6 {[%emt 0:07:53]} 24. Qd2 h6 {[%emt 0:10:29]} 25. Ne4 {[%emt 0:02:35]} Qxh4 {[%emt 0:00:30]} 26. g3 {[%emt 0:03:08]} Qe7 {[%emt 0:00:28]} 27. Rh1 {[%emt 0:00:45]} Qg7 {[%emt 0:01:04]} 28. g4 {[%emt 0:00:45]} Bb7 {[%emt 0:02:59]} 29. f5 {[%emt 0:00:42]} exf5 {[%emt 0:02:23]} 30. Qxd5+ {[%emt 0:00:18]} Ree6 {[%emt 0:02:49]} 31. Nc3 {[%emt 0:01:30]} fxg4 {[%emt 0:01:49]} 32. Rff1 {[%emt 0:04:04]} Rc7 {[%emt 0:01:29]} 33. Qd2 {[%emt 0:02:14]} Bxh1 {[%emt 0:00:06]} 34. Rxh1 {[%emt 0:00:04]} h5 {[%emt 0:00:39]} 35. Bd3 {[%emt 0:00:42]} Qe5 {[%emt 0:00:57]} 36. Kd1 {[%emt 0:07:24]} Rc8 {[%emt 0:01:31]} 37. Qh6 {[%emt 0:04:34]} Qg7 {[%emt 0:00:47]} 38. Qg5 {[%emt 0:00:24]} Rf8 {[%emt 0:00:37]} 39. Qd5 {[%emt 0:03:15]} Qf7 {[%emt 0:01:30]} 40. Rf1 {[%emt 0:00:00]} Qe7 {[%emt 0:00:00]} 41. Rg1 {[%emt 0:04:33]} Qd6 {[%emt 0:05:05]} 42. Qxd6 {[%emt 0:06:09]} Rxd6 {[%emt 0:00:02]} 43. Ne4 {[%emt 0:00:08]} Rc6 {[%emt 0:01:13]} 44. Nc3 {[%emt 0:02:21]} Kg7 {[%emt 0:00:45]} 45. a4 {[%emt 0:00:26]} bxa4 {[%emt 0:05:14]} 46. Nxa4 {[%emt 0:00:16]} Rf4 {[%emt 0:01:33]} 47. Nc3 {[%emt 0:00:37]} h4 {[%emt 0:03:41]} 48. Ne2 {[%emt 0:00:37]} Ra4 {[%emt 0:02:29]} 49. Kd2 {[%emt 0:00:13]} g3 {[%emt 0:00:40]} 50. b3 {[%emt 0:02:33]} Rg4 {[%emt 0:00:50]} 51. Ke3 {[%emt 0:00:51]} Rf6 {[%emt 0:00:51]} 52. Bc4 {[%emt 0:00:25]} g2 {[%emt 0:01:55]} 0-1